| 000 | 01057nam a22002057a 4500 | ||
|---|---|---|---|
| 008 | 090207t xxu||||| |||| 00| 0 hin d | ||
| 010 | _aB-145149 | ||
| 020 |
_c175.00 _a |
||
| 035 | _aB-145149 | ||
| 040 |
_adpl _bHN |
||
| 082 | _a158.1 | ||
| 100 |
_aसिन्हा, अरबिन्द _941207 |
||
| 245 |
_aआपका व्यक्तित्व आपकी सफलता / _cअरबिन्द सिन्हा |
||
| 260 |
_aजयपुर _bजयपर पब्लिशिंग हाउस _c2006 |
||
| 270 |
_a चौड़ा रास्ता _bजयपुर _e302003 |
||
| 300 |
_a156पृ. _c22सेमी.(सजिल्द) |
||
| 942 |
_2ddc _cHN _h158.1 _mसिन्हाअ |
||
| 999 |
_c62276 _d62276 |
||